Standard stories from the operas /

保存先:
書誌詳細
第一著者: Davidson, Gladys
フォーマット: 図書
言語:English
出版事項: London : Bibliophile Books, 1982.
版:12th impression.
主題:
LEADER 00983nam a2200277 a 4500
001 c000002755
003 CARM
005 00000000000000.0
008 r19821944enk 00110 eng d
019 1 |a 2822813  |5 LACONCORD2021 
020 |a 0370002598 
035 |a (OCoLC)152355286  |5 LACONCORD2021 
040 |a VECD  |c VECD 
082 1 |a 782.13  |2 19 
100 1 |a Davidson, Gladys. 
245 1 0 |a Standard stories from the operas /  |c by Gladys Davidson. 
250 |a 12th impression. 
260 |a London :  |b Bibliophile Books,  |c 1982. 
300 |a xxi, 967 p. ;  |c 19 cm. 
500 |a 'First published 1944'. 
500 |a Includes index. 
504 |a Short biographies of the composers: p. 895-940. 
650 0 |a Operas  |x Stories, plots, etc. 
852 8 |b CARM  |h A2:AE37D0  |i B00290  |p 0014326  |f BK 
999 f f |i f7d53683-7d20-5fc1-981d-e626d1268083  |s 8336bbab-78b0-5642-b46a-4cec1a45f8f6 
952 f f |p Can circulate  |a CAVAL  |b CAVAL  |c CAVAL  |d CARM 1 Store  |e B00290  |f A2:AE37D0  |h Other scheme  |i book  |m 0014326